000 01306nam a2200265Ia 4500
003 Ost
005 20260507075123.0
008 260507s9999||||xx |||||||||||||| ||und||
040 _cfsecg
041 _aara
082 _a330
100 _aالمنيزل، عبد الله فلاح
_eمؤلف
245 0 _aالإحصاء التربوي :
_bتطبيقات بإستخدام الرزم الإحصائية للعلوم الإجتماعية /
_c عبد الله فلاح المنيزل
260 _aعمان:
_bدار المسيرة,
_c2006
300 _a284 صفحة؛
_bإيضاحات ؛
_c24 سم
520 _aمدخل إلى دراسة الإحصاء-التمثيل البياني-مقاييس النزعة المركزية-مقاييس التشتت-مقاييس الموقع-معامل الإرتباط والإنحدار-معامل الإنحدار البسيط-الفرضيات-التوزيع العيني للمتوسطات واختيار الفرضيات
653 _aالإنحدار البسيط
653 _aالفرضيات
653 _aالنزعة المركزية
653 _aدراسة الإحصاء
653 _aمعامل الإرتباط
653 _aمقاييس التشتت
700 _aعايش، موسى غرايبة
_eمؤلف ثانوي
942 _cكتاب
999 _c43110
_d43110